Funding effectiveness : Lessons in building nonprofit capacity /

Shranjeno v:
Bibliografske podrobnosti
Glavni avtor: Không rõ
Format: Knjiga
Jezik:Vietnamese
Izdano: Jossey-Bass 2004
Oznake: Označite
Brez oznak, prvi označite!
Thư viện lưu trữ: Mạng thư viện Đại học Đà Nẵng
LEADER 00700nam a2200265 4500
001 000027340
003 FU-EN
005 20150403120000.0
008 150403s vm 000 vie
020 |c 0,0000 
040 |a notts 
100 |a Không rõ 
245 |a Funding effectiveness : Lessons in building nonprofit capacity /  |c by Grantmakers for Effective Organizations ; Barbara D. Kibbe .. [et al.]. 
260 |b Jossey-Bass  |c 2004 
OWN |a LTT 
999 |a From the UDN01 
TYP |a Monograph 
TYP |a Printed language 
980 |a Mạng thư viện Đại học Đà Nẵng